Family, Story, and Identity Migrant Women Living with Ambivalence /

How do second-generation migrant women connect with their cultural heritage when ethnic ties have been weak or absent for most of their lives? Family, Story and Identity presents the life stories of twenty women of various ethnicities, analysis of published autobiographies, as well as autoethnograph...

Full description

Bibliographic Details
Main Author: Mallman, Senem (Author, http://id.loc.gov/vocabulary/relators/aut)
Corporate Author: SpringerLink (Online service)
Format: Electronic eBook
Language:English
Published: Singapore : Springer Singapore : Imprint: Palgrave Macmillan, 2019.
Edition:1st ed. 2019.
Subjects:
Online Access:Full Text via HEAL-Link
LEADER 03541nam a2200541 4500
001 978-981-13-1915-0
003 DE-He213
005 20191023161707.0
007 cr nn 008mamaa
008 180910s2019 si | s |||| 0|eng d
020 |a 9789811319150  |9 978-981-13-1915-0 
024 7 |a 10.1007/978-981-13-1915-0  |2 doi 
040 |d GrThAP 
050 4 |a GF1-900 
072 7 |a RGC  |2 bicssc 
072 7 |a SOC015000  |2 bisacsh 
072 7 |a RGC  |2 thema 
082 0 4 |a 304.2  |2 23 
100 1 |a Mallman, Senem.  |e author.  |4 aut  |4 http://id.loc.gov/vocabulary/relators/aut 
245 1 0 |a Family, Story, and Identity  |h [electronic resource] :  |b Migrant Women Living with Ambivalence /  |c by Senem Mallman. 
250 |a 1st ed. 2019. 
264 1 |a Singapore :  |b Springer Singapore :  |b Imprint: Palgrave Macmillan,  |c 2019. 
300 |a X, 198 p. 1 illus.  |b online resource. 
336 |a text  |b txt  |2 rdacontent 
337 |a computer  |b c  |2 rdamedia 
338 |a online resource  |b cr  |2 rdacarrier 
347 |a text file  |b PDF  |2 rda 
505 0 |a Chapter 1 Introduction -- Chapter 2 Being on the Outside -- Chapter 3 Stories -- Chapter 4 The Prince -- Chapter 5 Changing Perspectives -- Chapter 6 The Newlyweds -- Chapter 7 People and Place -- Chapter 8 The Angel -- Chapter 9 Conclusion -- Appendix: Biography of Participants. 
520 |a How do second-generation migrant women connect with their cultural heritage when ethnic ties have been weak or absent for most of their lives? Family, Story and Identity presents the life stories of twenty women of various ethnicities, analysis of published autobiographies, as well as autoethnographic accounts of the author's experiences, to show how stories connect adult children of immigrants with their cultural heritage. The collecting of stories comes in various forms and can include brief visits to ancestral homelands, documenting family histories and genealogies, and gathering stories, folktales, and recipes. Senem Mallman found that, as adults, many children of immigrants actively seek out family histories and stories in order to connect with their cultural heritage and with their parents, and to pass this knowledge on to their own children. She argues that seeking out stories enables the second-generation to find a place within their family narrative. This pursuit of stories leads them toward developing new perspectives about their culture, family and life in Australia, and new ways of living with their cultural ambivalence. 
650 0 |a Human geography. 
650 0 |a Emigration and immigration. 
650 0 |a Ethnology. 
650 0 |a Sociology. 
650 0 |a Culture. 
650 0 |a Gender. 
650 1 4 |a Human Geography.  |0 http://scigraph.springernature.com/things/product-market-codes/X26000 
650 2 4 |a Migration.  |0 http://scigraph.springernature.com/things/product-market-codes/X24000 
650 2 4 |a Social Anthropology.  |0 http://scigraph.springernature.com/things/product-market-codes/X12030 
650 2 4 |a Sociology, general.  |0 http://scigraph.springernature.com/things/product-market-codes/X22000 
650 2 4 |a Culture and Gender.  |0 http://scigraph.springernature.com/things/product-market-codes/411210 
710 2 |a SpringerLink (Online service) 
773 0 |t Springer eBooks 
776 0 8 |i Printed edition:  |z 9789811319143 
776 0 8 |i Printed edition:  |z 9789811319167 
776 0 8 |i Printed edition:  |z 9789811347030 
856 4 0 |u https://doi.org/10.1007/978-981-13-1915-0  |z Full Text via HEAL-Link 
912 |a ZDB-2-SLS 
950 |a Social Sciences (Springer-41176)